<?xml version="1.0" encoding="UTF-8"?>
<marc:record xmlns:marc="http://www.loc.gov/MARC21/slim">
   <marc:leader>00000nam a2200000 a 4500</marc:leader>
   <marc:datafield ind1="1" ind2=" " tag="100">
      <marc:subfield code="a">Strohmaier, Jürgen</marc:subfield>
      <marc:subfield code="4">aut</marc:subfield>
      <marc:subfield code="e">Verfasser/-in</marc:subfield>
   </marc:datafield>
   <marc:datafield ind1=" " ind2=" " tag="653">
      <marc:subfield code="a">Softcover / Reisen/Reiseführer/Europa</marc:subfield>
   </marc:datafield>
   <marc:datafield ind1=" " ind2=" " tag="653">
      <marc:subfield code="a">Lissabon</marc:subfield>
   </marc:datafield>
   <marc:datafield ind1=" " ind2=" " tag="653">
      <marc:subfield code="a">Lissabon Reiseführer</marc:subfield>
   </marc:datafield>
   <marc:datafield ind1=" " ind2=" " tag="653">
      <marc:subfield code="a">Reiseführer Lissabon</marc:subfield>
   </marc:datafield>
   <marc:datafield ind1=" " ind2=" " tag="653">
      <marc:subfield code="a">Reiseführer Lissabon mit Reisekarte</marc:subfield>
   </marc:datafield>
   <marc:datafield ind1=" " ind2=" " tag="653">
      <marc:subfield code="a">Lissabon Reiseführer 2026</marc:subfield>
   </marc:datafield>
   <marc:datafield ind1=" " ind2=" " tag="653">
      <marc:subfield code="a">Reiseführer Lissabon 2026</marc:subfield>
   </marc:datafield>
   <marc:datafield ind1=" " ind2=" " tag="653">
      <marc:subfield code="a">Woche in Lissabon</marc:subfield>
   </marc:datafield>
   <marc:datafield ind1=" " ind2=" " tag="653">
      <marc:subfield code="a">Wochenende in Lissabon</marc:subfield>
   </marc:datafield>
   <marc:datafield ind1=" " ind2=" " tag="653">
      <marc:subfield code="a">Alfama</marc:subfield>
   </marc:datafield>
   <marc:datafield ind1=" " ind2=" " tag="653">
      <marc:subfield code="a">Cascais</marc:subfield>
   </marc:datafield>
   <marc:datafield ind1=" " ind2=" " tag="653">
      <marc:subfield code="a">Estoril</marc:subfield>
   </marc:datafield>
   <marc:datafield ind1=" " ind2=" " tag="653">
      <marc:subfield code="a">Miradouros</marc:subfield>
   </marc:datafield>
   <marc:datafield ind1=" " ind2=" " tag="653">
      <marc:subfield code="a">Sintra</marc:subfield>
   </marc:datafield>
   <marc:datafield ind1=" " ind2=" " tag="653">
      <marc:subfield code="a">Tejo</marc:subfield>
   </marc:datafield>
   <marc:datafield ind1=" " ind2=" " tag="653">
      <marc:subfield code="a">Torre de Belém</marc:subfield>
   </marc:datafield>
   <marc:datafield ind1=" " ind2=" " tag="653">
      <marc:subfield code="a">Sâo Bento</marc:subfield>
   </marc:datafield>
   <marc:datafield ind1=" " ind2=" " tag="653">
      <marc:subfield code="a">Estrela</marc:subfield>
   </marc:datafield>
   <marc:datafield ind1=" " ind2=" " tag="653">
      <marc:subfield code="a">Campo de Ourique</marc:subfield>
   </marc:datafield>
   <marc:datafield ind1=" " ind2=" " tag="653">
      <marc:subfield code="a">Madragoa</marc:subfield>
   </marc:datafield>
   <marc:datafield ind1=" " ind2=" " tag="653">
      <marc:subfield code="a">Lapa</marc:subfield>
   </marc:datafield>
   <marc:datafield ind1=" " ind2=" " tag="653">
      <marc:subfield code="a">Ajuda</marc:subfield>
   </marc:datafield>
   <marc:datafield ind1="0" ind2="0" tag="245">
      <marc:subfield code="a">DUMONT Reise-Taschenbuch Reiseführer Lissabon</marc:subfield>
   </marc:datafield>
   <marc:datafield ind1="0" ind2="0" tag="245">
      <marc:subfield code="b">Reiseführer plus Reisekarte. Mit Autorentipps, Stadtspaziergängen und Touren.</marc:subfield>
   </marc:datafield>
   <marc:datafield ind1="0" ind2="0" tag="245">
      <marc:subfield code="c">Jürgen Strohmaier</marc:subfield>
   </marc:datafield>
   <marc:datafield ind1=" " ind2="1" tag="264">
      <marc:subfield code="a">Ostfildern</marc:subfield>
      <marc:subfield code="b">DUMONT Reise ein Imprint von MAIRDUMONT</marc:subfield>
      <marc:subfield code="c">2026</marc:subfield>
   </marc:datafield>
   <marc:datafield ind1="1" ind2=" " tag="490">
      <marc:subfield code="a">DUMONT REISE-TASCHENBUCH</marc:subfield>
   </marc:datafield>
   <marc:datafield ind1=" " ind2=" " tag="250">
      <marc:subfield code="a">3. Auflage, Aktualisierte Nachauflage</marc:subfield>
   </marc:datafield>
   <marc:datafield ind1="1" ind2=" " tag="520">
      <marc:subfield code="a">Über das Buch
&lt;br&gt;
Willkommen zwischen weißen Marmorpalästen, bunt gekachelten Häusern, dem blau glänzenden Tejo und herzlichen Einwohnern Lissabons. Mit Autor Jürgen Strohmaier tauchen Sie ein in Viertel mit ureigenem Charme und erleben alte Gassen zwischen gestern, heute und morgen. Er verrät, welche Wege durch das Gassenlabyrinth der Mouraria zur Burg hinaufführen oder wie man von Miradouro zu Miradouro bis zum hippen Lissabon in der Oberstadt gelangt. Die Zukunft lebt dagegen im Parque das Nações und auf dem alten Expo-Gelände, wo sich die Stadt neu erfunden hat. Belém und Alcântara? Einst das Sprungbrett wagemutiger Seefahrer in die unbekannte neue Welt. Heute entdecken Sie hier alternative Kultur neben historischen Baudenkmälern.
&lt;br&gt;
Lissabon überrascht mit über 100 Museen, der Autor erklärt, welche sich wirklich lohnen. Er bummelt über Märkte, stöbert in trendigen Szeneläden, zeigt, wo es den leckersten Fisch gibt und wie man sich am besten bettet. Außerdem verrät er seine persönlichen Lieblingsorte und beschreibt die besten Aktivtouren. Und wenn Sie in die Natur wollen? Das Meer liegt nahebei, Ausflüge an den Atlantik gehören hier einfach dazu …
&lt;br&gt;
&lt;br&gt;
Und so erleben Sie Lissabon mit dem DUMONT Reise-Taschenbuch:
&lt;br&gt;
&lt;br&gt;
Persönlich und echt: Wir legen Wert auf ehrliche Erlebnisse, Nähe und Gegenwart
&lt;br&gt;
Übersichtliche Gliederung in einzelne Stadtviertel mit ihren Sehenswürdigkeiten und Museen sowie Tipps für Restaurants, Cafés, Einkaufen und Ausgehen
&lt;br&gt;
Lustvolle Eintauchen-und-erleben-Seiten vor jedem Kapitel
&lt;br&gt;
Die Touren: Einfach losziehen, neue Wege gehen, aktiv in die Stadt eintauchen
&lt;br&gt;
Die Lieblingsorte: gut für überraschende Entdeckungen
&lt;br&gt;
Die Adressen: radikal subjektive Auswahl, mal stylish, mal ökologisch, immer individuell und persönlich
&lt;br&gt;
Das Magazin: ein abwechslungsreiches Reisefeuilleton. Es packt auch kritische und kontroverse Themen an …
&lt;br&gt;
Die Karten: 7 Karten zu einzelnen Vierteln, Schnellüberblick zu jedem Stadtgebiet, 14 Tourenkarten, Übersichtskarte mit den Highlights plus eine separate Reisekarte
&lt;br&gt;
</marc:subfield>
   </marc:datafield>
   <marc:datafield ind1=" " ind2=" " tag="020">
      <marc:subfield code="a">9783616008431</marc:subfield>
      <marc:subfield code="9">9783616008431</marc:subfield>
   </marc:datafield>
   <marc:datafield ind1=" " ind2=" " tag="020">
      <marc:subfield code="a">3616008433</marc:subfield>
      <marc:subfield code="9">3616008433</marc:subfield>
   </marc:datafield>
   <marc:datafield ind1=" " ind2=" " tag="041">
      <marc:subfield code="a">ger</marc:subfield>
   </marc:datafield>
   <marc:datafield ind1=" " ind2=" " tag="300">
      <marc:subfield code="a">304 Seiten</marc:subfield>
   </marc:datafield>
</marc:record>
